00948cam a22002537a 45000010008000000030004000080050017000120080041000290100017000700400018000870820015001051300081001202450105002012600063003063000021003694900045003906530041004357000027004768300025005039060045005289420012005739990015005859520094006001399582OSt20230620115644.0820924s1976 rb 000 0 eng  a 82211274  aDLCcDLCdDLC a320.4bSFR0 aStanje i problemi u unutrašnjoj i spoljnoj politici Jugoslavije.lEnglish.14aThe situation and problems in internal and foreign policy /c[editor-in-chief Dragoljub Đurović]. aBelgrade ;aLjubljana :bDopisna delavska univerza,c1976. a199 p. ;c21 cm.1 aThe S.F.R. of Yugoslavia Assembly series0 aYugoslavia;apolitics and government1 aĐurović, Dragoljub. 0aSFRY Assembly series a7bcbccorignewd4encipf19gy-gencatlg 2ddccBK c1675d1675 00102ddc4070a002b002d2023-06-20l0o320.4 SFRp10000115r2023-06-20w2023-06-20yBK